Представление документа в формате MARC21

Поле Инд. ПП Название Значение
Тип записи a
Библиографический уровень m
001 Контрольный номер 3f2d6d36-cc9a-4106-bb5e-82a5f9df48e8
005 Дата корректировки 20140703161050.9
008 Кодируемые данные 070201
020 a ISBN 5-94057-245-6
c Цена, тираж 190.00
040 a Служба первич. каталог. НБ ТвГУ
041 a Код языка текста rus
080 a Индекс УДК 515.14
084 a Индекс другой классификации/Индекс ББК В152.21
090 x Авторский знак П70
a Полочн. индекс В152.2
100 1_ a Автор Прасолов Виктор Васильевич
245 00 a Заглавие Элементы теории гомологий
c Ответственность В. В. Прасолов
260 0_ a Место издания Москва
b Издательство МЦНМО
c Дата издания 2006
300 a Объем 448 с.
b Иллюстрации/ тип воспроизводства ил.
440 a Серия Классические направления в математике
504 a Библиография Библиогр.: с. 432-438. - Предм. указ.: с. 439-448.
583 a Действие Получение впервые 13 31.01.2007
k Исполнитель действия Дар РГГУ
650 a Основная рубрика Топология алгебраическая
650 a Основная рубрика Гомологий теория
653 a Ключевые слова Топология
a Ключевые слова Алгебраическая топология
a Ключевые слова Гомологии
a Ключевые слова Теория гомологий
852 t Порядковый номер экземпляра 1
p Инвентарный номер 869426
863 t 00156773
888 a Бесплатные
952 p 13.2007 190.00 1 869426
c Вид литературы К рн
954 a Дата поступления на обработку 20071114
999 a Подразделение 2 Фил3